Values and reality

Value, Reality, and Desire is an extended argument for a robust realism about value. The robust realist affirms the following distinctive theses. There are genuine claims about value which are true or false--there are facts about value. These value-facts are mind-independent - they are not reducible...

Description complète

Enregistré dans:
Détails bibliographiques
Auteur principal: Ward, Leo
Format: Livre
Langue:Undetermined
Publié: London Sheed & Ward 1935
Sujets:
Tags: Ajouter un tag
Pas de tags, Soyez le premier à ajouter un tag!
Thư viện lưu trữ: Trung tâm Học liệu Trường Đại học Cần Thơ
LEADER 01043nam a2200205Ia 4500
001 CTU_218731
008 210402s9999 xx 000 0 und d
082 |a 101 
082 |b W259 
100 |a Ward, Leo 
245 0 |a Values and reality 
245 0 |c Leo Ward 
260 |a London 
260 |b Sheed & Ward 
260 |c 1935 
520 |a Value, Reality, and Desire is an extended argument for a robust realism about value. The robust realist affirms the following distinctive theses. There are genuine claims about value which are true or false--there are facts about value. These value-facts are mind-independent - they are not reducible to desires or other mental states, or indeed to any non-mental facts of a non-evaluative kind. And these genuine, mind-independent, irreducible value-facts are causally efficacious. Values, quite literally, affect us. 
650 |a Religion,Giá trị,Tôn giáo,Values 
650 |x Philosophy,Triết học 
904 |i Trúc 
980 |a Trung tâm Học liệu Trường Đại học Cần Thơ